000 00289nam a2200109Ia 4500
008 200302s9999 xx 000 0 und d
100 _aKenneth Frampton & other
245 _aRichard Meier Architect
260 _bRizzoli International Publications, Inc.
260 _c2009
300 _a427 P.,
999 _c3118
_d3118